Pueblo en vilo / (Registro nro. 14611)

Detalles MARC
000 -LIDER
fixed length control field 01175nam a2200385 4500
001 - NÚMERO DE CONTROL
Identificador de número de control
003 - IDENTIFICACDOR DE NÚMERO DE CONTROL
control field DO-SdBNP
005 - DATE AND TIME OF LATEST TRANSACTION
control field 20240321122839.0
008 - ELEMENTOS DE LONGITUD FIJA
fixed length control field 160127s2010 mx spa
015 ## - NÚMERO DENTRO DE LA BIBLIOGRAFÍA NACIONAL
National bibliography number
017 ## - NÚMERO DE REGISTRO DE DERECHOS DE AUTOR
Copyright or legal deposit number
Assigning agency
020 ## - ISBN
International Standard Book Number 9789681656331
035 ## - NÚMERO LOCAL
System control number
040 ## - FUENTE DE CATALOGACIÓN
Agencia que crea de manera original el registro BPMSU
Idioma de catalogación spa
Agencia que realiza la transcripción BPMSU
Convenciones de la despripción
082 #4 - NÚMERO DE CLASIFICACIÓN DECIMAL DE DEWEY
Classification number 972.03
Item number G643p 2010
Edition number 22
084 ## - OTRO NÚMERO DE CLASIFICACIÓN
Classification number
Number source
100 1# - ASIENTO PRINCIPAL -- NOMBRE PERSONAL
Nombre personal González, Luis.
Mención de responsabilidad autor
Fechas asociadas con el nombre
Término de relación
245 10 - MENCIÓN DE TITULO
Título Pueblo en vilo /
Mención de responsabilidad Luis González.
Subtítulo
250 ## - MENCIÓN DE EDICION
Mención de edición 4a. ed.
260 ## - PUBLICACIÓN, DISTRIBUCIÓN, ETC. (PIE DE IMPRENTA)
Lugar de publicación, distribución, etc México :
Nombre del editor, distribuidor, etc. Fondo de Cultura Econonómica,
Fecha de publicación, distribución, etc 2010
300 ## - DESCRIPCIÓN FÍSICA
Extensión 290 p. ;
Dimensiones 23 cm.
Otros detalles físicos
Material complementario
490 0# - MENCIÓN DE SERIES
Mención de serie Historia
500 ## - NOTA GENERAL
Nota general Incluye referencias bibliográficas y notas al pie de las páginas
500 ## - NOTA GENERAL
Nota general
500 ## - NOTA GENERAL
Nota general
504 ## - NOTA DE BIBLIOGRAFÍA, ETC.
Bibliography, etc
520 ## - RESUMEN, ETC.
Nota de resumen, etc.
534 ## - NOTA SOBRE LA VERSIÓN ORIGINAL
Frase introductoria Título original.
Mención del título original Vor sehnsucht nach dir vergehend. Der private briefwechsel zwischen Maximilian Von mexiko un seiner frau Charlotte.
590 ## - NOTA LOCAL
Texto de la nota local Inventariado, 2024/VM
651 ## - ENCABEZAMIENTO DE MATERIA--NOMBRE GEOGRÁFICO
Nombre geográfico San José de Gracia (Michoacán de Ocampo, Mexico)
651 ## - ENCABEZAMIENTO DE MATERIA--NOMBRE GEOGRÁFICO
Nombre geográfico México
Subdivisión temática general Historia.
710 2# - ASIENTO SECUNDARIO -- NOMBRE CORPORATIVO
Nombre corporativo o de jurisdicción Fondo de Cultura Económica (México)
910 ## - VALIDACIÓN
Validación VMateo V. Control de calidad. BPMSU
942 ## - ADDED ENTRY ELEMENTS (KOHA)
Source of classification or shelving scheme Dewey Decimal Classification
Koha item type Libros
Existencias
Withdrawn status Lost status Source of classification or shelving scheme Damaged status Not for loan Collection code Home library Current library Date acquired Source of acquisition Total Checkouts Full call number Barcode Date last seen Price effective from Koha item type
    Dewey Decimal Classification     Colección General Biblioteca Pública Metropolitana Salomé Ureña Biblioteca Pública Metropolitana Salomé Ureña 03/21/2024 Fondo de Cultura Económica   BPMSU CG 972.03 G643p 2010 BPMSU24030073 03/21/2024 03/21/2024 Libros